Los niños de prados verdes / (Registro nro. 8395)
[ vista simple ]
| 000 -LIDER | |
|---|---|
| fixed length control field | 00628nam a22002177a 4500 |
| 003 - IDENTIFICACDOR DE NÚMERO DE CONTROL | |
| control field | DO-SdBNP |
| 005 - DATE AND TIME OF LATEST TRANSACTION | |
| control field | 20180131115621.0 |
| 008 - ELEMENTOS DE LONGITUD FIJA | |
| fixed length control field | 151019b sp 1966 |||| 00| 0 spa d |
| 040 ## - FUENTE DE CATALOGACIÓN | |
| Agencia que crea de manera original el registro | BPMSU |
| Idioma de catalogación | spa |
| Agencia que realiza la transcripción | BPMSU |
| 082 #4 - NÚMERO DE CLASIFICACIÓN DECIMAL DE DEWEY | |
| Classification number | xxxxxxx |
| Item number | xxxxxxx |
| 100 1# - ASIENTO PRINCIPAL -- NOMBRE PERSONAL | |
| Nombre personal | Blyton, Enid |
| 245 14 - MENCIÓN DE TITULO | |
| Título | Los niños de prados verdes / |
| Mención de responsabilidad | Enid Blyton ; traducción M. L. Pol de Ramírez |
| 260 ## - PUBLICACIÓN, DISTRIBUCIÓN, ETC. (PIE DE IMPRENTA) | |
| Lugar de publicación, distribución, etc | Barcelona, España : |
| Nombre del editor, distribuidor, etc. | Molino, |
| Fecha de publicación, distribución, etc | 1966. |
| 300 ## - DESCRIPCIÓN FÍSICA | |
| Extensión | 185 p. : |
| Otros detalles físicos | il., |
| Dimensiones | 20 cm. |
| 490 1# - MENCIÓN DE SERIES | |
| Mención de serie | Aventura |
| Volume/sequential designation | 67 |
| 700 1# - ASIENTO SECUNDARIO -- NOMBRE PERSONAL | |
| Nombre personal | Pol Ramírez, M. L. de, |
| Número de la parte o sección de una obra | tr. |
| 830 #0 - ASIENTO SECUNDARIO DE SERIE--TÍTULO UNIFORME | |
| Título uniforme | Aventura |
| Número de la parte o sección de una obra | 67 |
| 942 ## - ADDED ENTRY ELEMENTS (KOHA) | |
| Source of classification or shelving scheme | Dewey Decimal Classification |
| Koha item type | Libros |
| 945 ## - INFORMACIÓN DE PROCESAMIENTO LOCAL | |
| Información de procesamiento local | Inventariado, 2018 / BT |
| 956 ## - LOCAL ELECTRONIC LOCATION AND ACCESS (OCLC) | |
| Nombre de host | BTAVAREZ |
| Withdrawn status | Lost status | Source of classification or shelving scheme | Damaged status | Not for loan | Collection code | Home library | Current library | Date acquired | Source of acquisition | Total Checkouts | Full call number | Barcode | Date last seen | Price effective from | Koha item type |
|---|---|---|---|---|---|---|---|---|---|---|---|---|---|---|---|
| Dewey Decimal Classification | Colección Juvenil General | Biblioteca Pública Metropolitana Salomé Ureña | Biblioteca Pública Metropolitana Salomé Ureña | 10/19/2015 | FUNDI | xxxxxxx xxxxxxx | BPMESU15100123 | 10/19/2015 | 10/19/2015 | Libros |